000 03437nam a2200337 a 4500
003 OSt
005 20240729155330.0
007 cr ||||||a|c|a
008 240626s2021 mx a|||fom||| 001 0 spa d
040 _erda
100 1 _9189268
_aRodríguez Vélez, Brenda
245 1 0 _aManejo químico de malezas y su impacto en el rendimiento de cebolla para bulbo cv. Carta Blanca /
_cpor Brenda Rodríguez Vélez; director de tesis Nahum Marbán Mendoza; secretario Anselmo de Jesús Cabrera Hidalgo; vocal José Alfredo Domínguez Valenzuela; suplente Calixto Leopoldo Carrillo Fonseca; suplente Sandra Guadalupe González Domínguez.
264 1 _aChapingo, México :
_bEl autor,
_c2021.
300 _a1 recurso en línea (57 páginas):
_bfiguras, cuadros.
336 _2rdacontent
_atexto
_btxt
337 _2rdamedia
_acomputadora
_bc
338 _2rdacarrier
_arecurso en línea
_bcr
502 _bIAEPA
_cParasitología
_d2021.
_gLIC
504 _aIncluye referencias bibliográficas: páginas 21-24,43-46.
520 _aLa presencia de malezas en plantaciones de cebolla (Allium cepa L.) es una de las principales problemáticas para este cultivo debido a que su capacidad competitiva por agua, luz y nutrientes es inferior a la que poseen las malezas, esto afecta su crecimiento y desarrollo, y puede ocasionar disminuciones en el rendimiento y calidad del producto cosechado. En el presente estudio se evaluó el efecto de cinco dosis de la mezcla propaquizafop + oxifluorfen (800-1600 mL/ha) y se comparó con dos herbicidas convencionales comerciales en el cultivo de cebolla cv. Carta Blanca en Salamanca, Guanajuato. Los tratamientos se distribuyeron bajo un diseño de bloques completos al azar con cuatro repeticiones y se cuantificó el grado de infestación de malezas antes y después de las aplicaciones. También se evaluó la altura de planta, peso y diámetro ecuatorial promedio de bulbos totales. La mezcla de propaquizafop + oxifluorfen (1200-1600 mL/ha) es una excelente alternativa para el control de malezas de hoja ancha (Sonchus oleraceus, Simsia amplexicaulis, Physalis acutifolia, Amaranthus sp. e Ipomoea purpurea) y angosta (Echinochloa sp.) en el cultivo de cebolla, ya que reduce considerablemente el número y porte de las malezas hasta los 42 dda, en función de la dosis aplicada. La mezcla propaquizafop + oxifluorfen provocó un ligero necrosamiento en la punta de las hojas viejas. Este efecto no repercutió gravemente el desarrollo de las plantas de cebolla. La aplicación de la mezcla propaquizafop + oxifluorfen (1200-1600 mL/ha) incrementó significativamente el diámetro y peso promedio de los bulbos. La producción de bulbos de cebolla aumentó en un 20-30 % en comparación con las plantas sin tratar, bajo las condiciones de este estudio.
650 4 _920784
_aCebolla
_xMalas hierbas
_xControl
650 0 _9174669
_aHerbicidas aplicación
650 4 _9132171
_aHerbicidas
_xAnálisis
700 1 _971246
_aMarbán Mendoza, Náhum
_eDirector de tesis.
700 1 _916669
_aCabrera Hidalgo, Anselmo de Jesús
_eSecretario.
700 1 _933907
_aDomínguez Valenzuela, José Alfredo
_eVocal.
700 1 _919482
_aCarrillo Fonseca, Calixto Leopoldo
_eSuplente.
700 1 _948859
_aGonzález Domínguez, Sandra Guadalupe
_eSuplente.
856 _uhttp://10.13.5.2/tesis/tl/2021_PA_Rodriguez_Velez_Brenda.pdf
_zDESCARGAR PDF
942 _2Clasificación Universidad Autónoma Chapingo
_cTD
999 _c220022
_d220022